LEADER 01946nam a2200313 i 4500 001 000000341245 003 CaOOAMICUS 005 20200724090714.0 008 200724s2020 ne u000 u mul u 020 $a978-90-429-4047-5 020 $a978-90-429-4048-2 040 $aSeMil$bita 100 0 $aLeontius : Neapolitanus.$0(OLS)http://semarc/name/65122 245 13$aLa versione siriaca della vita di Giovanni il Misericordioso di Leonzio di Neapolis /$c[edita e tradotta da] Guido Venturini. 264 1$aLovanii :$bIn aedibus Peeters,$c2020. 300 $a2 v. ;$c24 cm. 546 $aTesto originale in siriaco, introduzione e note in italiano 600 04$aGiovanni : il Chiomato.$0(OLS)http://semarc/subject/49353 650 4$aLetteratura religiosa siriaca - Testi.$0(OLS)http://semarc/subject/5951 700 1 $aVenturini, Guido.$0(OLS)http://semarc/name/103751 774 0 $aLeontius : Neapolitanus$t1: [Testo].$dLovanii : In aedibus Peeters, 2020.$kCorpus Scriptorum Christianorum Orientalium$kCorpus Scriptorum Christianorum Orientalium. Scriptores Syri$z978-90-429-4047-5$w()341246 774 0 $aLeontius : Neapolitanus$t2: [Traduzione].$dLovanii : In aedibus Peeters, 2020.$kCorpus Scriptorum Christianorum Orientalium$kCorpus Scriptorum Christianorum Orientalium. Scriptores Syri$z978-90-429-4048-2$w()341247 830 0$aCorpus Scriptorum Christianorum Orientalium ;$v679-680.$0(OLS)http://semarc/title/77 830 0$aCorpus Scriptorum Christianorum Orientalium. Scriptores Syri ;$v263-264.$0(OLS)http://semarc/title/9544 996 $6020$a978-90-429-4047-5$9(OLS)http://semarc/number/290879 996 $6020$a978-90-429-4048-2$9(OLS)http://semarc/number/290880 996 $6245$aLa versione siriaca della vita di Giovanni il Misericordioso di Leonzio di Neapolis$9(OLS)http://semarc/title/430279 996 $6264$aLovanii :$bIn aedibus Peeters$9(OLS)http://semarc/publisher/30114 LEADER 00881nam a2200205 i 4500 001 000000255271 003 CaOOAMICUS 005 20170830000000.0 008 170830n it u000 u ita u 013 $a234176 040 $aSeMil$bita 100 1 $aBarbier, Jules <1825-1901>.$0(OLS)http://semarc/name/72024 245 14$aLes contes d'Hoffmann :$bopera fantastica /$clibretto di Jules Barbier dall'omonimo dramma di Jules Barbier e Michel Carré ; musica di Jacques Offenbach. 300 $a141 p. :$bill. 700 1 $aOffenbach, Jacques.$0(OLS)http://semarc/name/94511 773 0 $tStagione 1994-95.$dMilano : Edizioni del Teatro alla Scala $w()33787 850 $aSeMil 852 $aSeMil$W1$xVenegono$y1$m3Q V 100$j205617$B205617$CSeMilBibl$Z2$F219193 $81 961 $aOmaggio: Altro 996 $6245$aLes contes d'Hoffmann :$bopera fantastica$9(OLS)http://semarc/title/411568